000 00702nam a2200193 i 4500
001 145317
003 ES-MaACL
005 20230906201216.0
007 t|
008 070214s1971 sp r ||||1| spa d
100 1 _aSoria, José Luis.
_9107355
245 1 0 _aPaternidad responsable /
_cJosé Luis Soria Saiz ; revisión y nota bibliográfica de José L. Navarro ; [versión española... Juan Carlos Beascochea].
260 _aMadrid :
_bRialp,
_c[1971] (
_fClosas-Orcoyen)
300 _a167 p. ;
_c19 cm.
650 0 4 _aControl de natalidad-
_xAspectos religiosos.
_911339
700 1 _aNavarro, José L.
_985073
700 1 _aBeascochea, Juan Carlos.
_926785
852 _aES-MaACL
_jC-50639
_bR.76752
999 _c145317
_d145317